000 00334nam a22001457a 4500
008 230508b ||||| |||| 00| 0 eng d
020 _a9781555709082
041 _aeng
080 _23RD EDITION
_a070
082 _a070NIL
100 _a18
101 _aMEDIA
245 _aCOMMUNICATING PROFESSIONALLY
_cNILSEN.K
942 _2udc
_cBK
999 _c59666
_d59666